[Event "40th Bosna Open"]
[Site "Sarajevo BIH"]
[Date "2010.05.07"]
[Round "3"]
[White "Predojevic,B"]
[Black "Bogut,Z"]
[Result "1/2-1/2"]
[WhiteElo "2628"]
[BlackElo "2468"]
[EventDate "2010.05.05"]

1. e4 d5 2. exd5 Qxd5 3. Nc3 Qa5 4. d4 c6 5. Bc4 Nf6 6. Bd2 Qc7 7. Nf3 Bg4
8. h3 Bxf3 9. Qxf3 e6 10. g4 Nbd7 11. g5 Nd5 12. Ne4 b5 13. Bb3 N7b6 14. h4
a5 15. a4 Bb4 16. c3 Be7 17. Qg3 Qd7 18. Qe5 O-O 19. h5 f6 20. gxf6 gxf6
21. Qg3+ Kh8 22. O-O-O bxa4 23. Ba2 a3 24. b3 Nc4 25. bxc4 Qb7 26. Kc2 Qb2+
27. Kd3 Qxa2 28. cxd5 exd5 29. Nd6 Bxd6 30. Qxd6 Qc4+ 31. Kc2 Qa2+ 32. Kd3
Qc4+ 33. Kc2 Qa2+ 34. Kd3 Qc4+ 1/2-1/2

[Event "40th Bosna Open"]
[Site "Sarajevo BIH"]
[Date "2010.05.07"]
[Round "3"]
[White "Pavlovic,Milo2"]
[Black "Berg,E"]
[Result "1/2-1/2"]
[WhiteElo "2478"]
[BlackElo "2616"]
[EventDate "2010.05.05"]

1. e4 c5 2. Nf3 e6 3. d4 cxd4 4. Nxd4 a6 5. c4 Nf6 6. Nc3 Qc7 7. Be2 Bb4 8.
O-O O-O 9. f3 b6 10. Be3 Bb7 11. Kh1 Bxc3 12. bxc3 d6 13. a4 Nbd7 14. a5
bxa5 15. Nb3 a4 16. Rxa4 Bc6 17. Ra3 a5 18. Nd4 Ne5 19. Nb5 Bxb5 20. cxb5
Nc4 21. Bxc4 Qxc4 22. b6 Rfb8 23. Kg1 d5 24. Qd4 Qb5 25. c4 dxc4 26. Rc1
Nd7 27. Qxc4 Qxc4 28. Rxc4 Nxb6 29. Bxb6 Rxb6 30. Rxa5 1/2-1/2

[Event "40th Bosna Open"]
[Site "Sarajevo BIH"]
[Date "2010.05.07"]
[Round "3"]
[White "Mamedov,Nid"]
[Black "Huschenbeth,N"]
[Result "1-0"]
[WhiteElo "2614"]
[BlackElo "2457"]
[EventDate "2010.05.05"]

1. e4 e5 2. Nf3 Nc6 3. Bb5 Nge7 4. c3 g6 5. O-O a6 6. Ba4 Bg7 7. d4 exd4 8.
cxd4 b5 9. Bb3 O-O 10. Nc3 Na5 11. Be3 Bb7 12. d5 d6 13. Bd4 Nxb3 14. Qxb3
Bxd4 15. Nxd4 c5 16. dxc6 Nxc6 17. Nxc6 Bxc6 18. Rad1 Qc7 19. Rd4 Rfd8 20.
Rfd1 Rd7 21. Qc2 Rad8 22. Qd2 a5 23. a3 Qb6 24. h3 f6 25. Qf4 b4 26. axb4
axb4 27. Na2 b3 28. Nc3 Kf7 29. Rxd6 Rxd6 30. Rxd6 Rxd6 31. Qxd6 Qb7 32. f3
Qa7+ 33. Kh2 Qd7 34. Qxd7+ Bxd7 35. Kg3 Ke6 36. Kf4 g5+ 37. Ke3 Ke5 38. Ne2
Bb5 39. g3 Kd6 40. Nc1 Bc4 41. Kd4 Be6 42. h4 h6 43. f4 gxf4 44. gxf4 1-0

[Event "40th Bosna Open"]
[Site "Sarajevo BIH"]
[Date "2010.05.07"]
[Round "3"]
[White "Zufic,M"]
[Black "Lenic,L"]
[Result "1/2-1/2"]
[WhiteElo "2442"]
[BlackElo "2592"]
[EventDate "2010.05.05"]

1. e4 e5 2. Nf3 Nc6 3. Bb5 a6 4. Ba4 Nf6 5. d3 d6 6. c3 g6 7. Nbd2 Bg7 8.
O-O O-O 9. Re1 b5 10. Bc2 Bb7 11. a4 b4 12. a5 Rb8 13. Nc4 d5 14. Ncd2 Qd6
15. exd5 Qxd5 16. Ne4 bxc3 17. bxc3 Nxe4 18. dxe4 Qxd1 19. Rxd1 Rfd8 20.
Rxd8+ Rxd8 21. Be3 Bc8 22. Bb3 Be6 23. Bxe6 fxe6 24. Kf1 Rb8 25. Ra4 Rb7
26. Ng5 Nd8 27. Rb4 Bf8 28. Rxb7 Nxb7 29. Nxe6 Bd6 30. c4 c5 31. Bd2 h5 32.
Ke2 Kf7 33. Ng5+ Kf6 34. Nf3 Bc7 35. Bc3 g5 36. h3 g4 37. hxg4 hxg4 38. Nh2
Kg5 39. f3 gxf3+ 40. Nxf3+ Kf4 41. Kd3 Nd8 42. Nxe5 Bxe5 43. g3+ Kxg3 44.
Bxe5+ Kf3 45. Bh2 Ne6 46. e5 Nd8 47. Bg1 Kf4 48. Bxc5 Kxe5 1/2-1/2

[Event "40th Bosna Open"]
[Site "Sarajevo BIH"]
[Date "2010.05.07"]
[Round "3"]
[White "Kargin,A"]
[Black "Martinovic,Sa"]
[Result "1-0"]
[WhiteElo "2392"]
[BlackElo "2515"]
[EventDate "2010.05.05"]

1. e4 e6 2. d4 d5 3. Nc3 Bb4 4. e5 Ne7 5. a3 Bxc3+ 6. bxc3 c5 7. Qg4 Qc7 8.
Qxg7 Rg8 9. Qxh7 cxd4 10. Ne2 Nbc6 11. f4 Bd7 12. Qd3 dxc3 13. Nxc3 a6 14.
Ne2 Nf5 15. h3 O-O-O 16. g4 Nh4 17. Rb1 Na7 18. Qc3 Qxc3+ 19. Nxc3 Bc6 20.
Bd3 d4 21. Ne4 Nb5 22. O-O Nc3 23. Nxc3 dxc3 24. Kh2 Rxd3 25. cxd3 Rd8 26.
Kg3 Ng2 27. Kf2 Rxd3 28. Rg1 Nxf4 29. Bxf4 Rf3+ 30. Kg2 Rxf4+ 31. Kg3 Rf3+
32. Kh4 c2 33. Rbc1 Be4 34. Rg3 Rxg3 35. Kxg3 Kd7 36. Kf4 Bh7 37. Ke3 Kc6
38. Kd4 b5 39. h4 a5 40. h5 b4 41. axb4 axb4 42. Kc4 b3 43. Kxb3 Kd5 44.
Re1 Kd4 45. Kb2 Bd3 46. Kc1 Kd5 47. g5 Kd4 48. Rg1 1-0

[Event "40th Bosna Open"]
[Site "Sarajevo BIH"]
[Date "2010.05.07"]
[Round "3"]
[White "Manea,Al"]
[Black "Prohaszka,P2"]
[Result "1/2-1/2"]
[WhiteElo "2396"]
[BlackElo "2510"]
[EventDate "2010.05.05"]

1. d4 Nf6 2. Nf3 e6 3. c4 Bb4+ 4. Nbd2 b6 5. g3 Bb7 6. Bg2 c5 7. O-O cxd4
8. Nb3 O-O 9. Nbxd4 a6 10. a3 Be7 11. b3 d6 12. Bb2 Nbd7 13. Rc1 Rc8 14. b4
Rc7 15. Nd2 Qa8 16. Bxb7 Qxb7 17. Qb3 Rfc8 18. N4f3 Ne4 19. Qd3 Nxd2 20.
Nxd2 b5 21. Rfd1 h6 22. cxb5 Qxb5 23. Rxc7 Rxc7 24. Nb3 Nb6 25. Bd4 Qxd3
26. exd3 Na4 27. Rc1 Rxc1+ 28. Nxc1 e5 29. Be3 f5 30. Kf1 Kf7 31. Ke2 Nc3+
32. Ke1 Nb1 33. a4 Nc3 34. b5 axb5 35. a5 Nd5 36. a6 Nc7 37. a7 Ke6 38. Na2
d5 39. d4 e4 40. Kd1 Kd7 41. Bf4 Na8 42. Be5 g6 43. Kc2 Kc6 44. Kb3 Nb6 45.
h4 Kb7 46. Nb4 Bf8 47. Bb8 h5 48. Kc3 Na4+ 49. Kb3 Nb6 50. Kc3 Be7 51. Bf4
Bd8 52. Kc2 Nc8 53. Nxd5 Nxa7 54. Be5 Nc6 55. Bg7 Bb6 56. Nf4 Nxd4+ 57. Kd1
Nb3 58. Ke1 Nc5 59. Nxg6 Nd3+ 60. Ke2 Bxf2 61. Ne7 Bxg3 62. Nxf5 Bf4 63.
Bf6 b4 64. Ng7 b3 65. Nxh5 1/2-1/2

[Event "40th Bosna Open"]
[Site "Sarajevo BIH"]
[Date "2010.05.07"]
[Round "3"]
[White "De Verdier,M"]
[Black "Szabo,Krisz1"]
[Result "1/2-1/2"]
[WhiteElo "2310"]
[BlackElo "2506"]
[EventDate "2010.05.05"]

1. d4 d5 2. Nf3 Nf6 3. c4 e6 4. g3 Bb4+ 5. Bd2 Bd6 6. Nc3 O-O 7. c5 Be7 8.
Bg2 Nc6 9. a3 Ne4 10. b4 Bf6 11. e3 e5 12. dxe5 Nxe5 13. Nxe5 Bxe5 14. Rc1
Bf5 15. O-O c6 16. Nxe4 Bxe4 17. Qb3 Qe7 18. Rfd1 h5 19. Bxe4 dxe4 20. Qc4
Bc7 21. Bc3 Rad8 22. Rd4 Rxd4 23. Qxd4 f6 24. Rd1 Rd8 25. Qc4+ Kh7 26. Rxd8
Bxd8 27. a4 a6 28. h4 Kg6 29. b5 axb5 30. axb5 Qe8 31. bxc6 Qxc6 32. Bd4
Be7 33. Qb3 Bxc5 1/2-1/2

[Event "40th Bosna Open"]
[Site "Sarajevo BIH"]
[Date "2010.05.07"]
[Round "3"]
[White "Krivoborodov,E"]
[Black "Kanmazalp,O"]
[Result "1-0"]
[WhiteElo "2490"]
[BlackElo "2287"]
[EventDate "2010.05.05"]

1. e4 c5 2. Nf3 d6 3. d4 cxd4 4. Nxd4 Nf6 5. Nc3 g6 6. Be3 Bg7 7. Be2 Nc6
8. Qd2 O-O 9. O-O-O Ng4 10. Bxg4 Bxg4 11. f3 Bd7 12. Nxc6 bxc6 13. Bh6 Bxh6
14. Qxh6 Qa5 15. h4 f6 16. f4 Qh5 17. Qxh5 gxh5 18. Rhe1 Rad8 19. Rd4 c5
20. Rd3 Kf7 21. e5 dxe5 22. Red1 exf4 23. Rxd7 Rxd7 24. Rxd7 Rg8 25. Rxa7
Ke6 26. Ne4 Rxg2 27. Nxc5+ Kd5 28. Nd3 e5 29. Ra6 Kd4 30. b4 f5 31. Rd6+
Kc3 32. Nxe5 Rxc2+ 33. Kd1 Rxa2 34. b5 Ra5 35. Rd3+ 1-0

[Event "40th Bosna Open"]
[Site "Sarajevo BIH"]
[Date "2010.05.07"]
[Round "3"]
[White "Nisipeanu,LD"]
[Black "Djurovic,G"]
[Result "1-0"]
[WhiteElo "2672"]
[BlackElo "2318"]
[EventDate "2010.05.05"]

1. e4 d6 2. d4 Nf6 3. f3 c6 4. c4 e5 5. Ne2 Nbd7 6. Nbc3 Qb6 7. a3 exd4 8.
Nxd4 d5 9. exd5 cxd5 10. Qe2+ Kd8 11. Be3 Bc5 12. O-O-O Re8 13. Na4 Bxd4
14. Bxd4 Qb3 15. Qc2 Qxc2+ 16. Kxc2 b6 17. Nc3 dxc4 18. Bxc4 Ke7 19. Nd5+
Nxd5 20. Bxd5 Rb8 21. Rhe1+ Kd8 22. Bxf7 Re7 23. Bg8 Rxe1 24. Rxe1 Nf6 25.
Bxf6+ gxf6 26. Bxh7 Rb7 27. Bd3 f5 28. Re5 Rg7 29. g3 Rh7 30. Bxf5 Rxh2+
31. Kc3 Rg2 32. Bxc8 Kxc8 33. g4 Kd7 34. Rd5+ Kc6 35. Rd2 Rg1 36. Kd4 Kd6
37. Ke4+ Ke6 38. Kf4 Rc1 39. Kg5 Rc5+ 40. Kh4 Rc4 41. Kg3 b5 42. f4 b4 43.
axb4 Rxb4 44. f5+ Kf6 45. Rd6+ Ke7 46. Ra6 Rxb2 47. Rxa7+ Kf6 48. Ra6+ Kg7
49. Kf4 Rb7 50. Ra4 Kh6 51. Re4 Rb1 52. Re6+ Kg7 53. Kg5 Rb4 54. Re7+ Kf8
55. Ra7 Kg8 56. f6 Kh8 57. Ra8+ Kh7 58. f7 1-0

[Event "40th Bosna Open"]
[Site "Sarajevo BIH"]
[Date "2010.05.07"]
[Round "3"]
[White "Ganaus,H"]
[Black "Sandipan,C"]
[Result "0-1"]
[WhiteElo "2297"]
[BlackElo "2640"]
[EventDate "2010.05.05"]

1. d4 d5 2. c4 c6 3. Nf3 Nf6 4. Nc3 e6 5. Bg5 h6 6. Bxf6 Qxf6 7. e3 Nd7 8.
Bd3 dxc4 9. Bxc4 g6 10. O-O Bg7 11. Qc2 Qe7 12. a3 O-O 13. Rad1 b6 14. Rfe1
Bb7 15. e4 Rac8 16. Qe2 b5 17. Ba2 b4 18. axb4 Qxb4 19. e5 Rb8 20. h4 Rfd8
21. Rd2 Re8 22. h5 g5 23. Nh2 c5 24. Red1 Qa5 25. b4 Qxb4 26. Ne4 Bxe4 27.
Qxe4 Nxe5 0-1

[Event "40th Bosna Open"]
[Site "Sarajevo BIH"]
[Date "2010.05.07"]
[Round "3"]
[White "Stefansson,H"]
[Black "Bosnjak,D"]
[Result "1-0"]
[WhiteElo "2588"]
[BlackElo "2314"]
[EventDate "2010.05.05"]

1. d4 d5 2. c4 c6 3. Nf3 Nf6 4. Nc3 a6 5. e3 e6 6. b3 Bb4 7. Bd2 O-O 8. Bd3
Nbd7 9. O-O Bd6 10. h3 e5 11. cxd5 cxd5 12. dxe5 Nxe5 13. Nxe5 Bxe5 14. Rc1
Bd7 15. Ne2 Ne4 16. Bxe4 dxe4 17. Bc3 Bxc3 18. Nxc3 Bc6 19. Qc2 Qe7 20.
Rfd1 Rad8 21. Ne2 Rxd1+ 22. Rxd1 Rd8 23. Nd4 g6 24. Nxc6 Rxd1+ 25. Qxd1
bxc6 26. Qd4 a5 27. a4 c5 28. Qd5 Kg7 29. Kf1 Qe6 30. Qd1 Qa6+ 31. Ke1 Qb6
32. Qd5 f5 33. g4 Kf6 34. Kf1 h5 35. Kg2 h4 36. Qg8 fxg4 37. hxg4 Qe6 38.
Qd8+ Ke5 39. Qb8+ Kf6 40. Kh3 g5 41. Qd8+ Kg6 42. Qxa5 Qf6 43. Qd2 Qf3+ 44.
Kh2 Qxg4 45. Qd6+ Kh5 46. Qf6 Qd7 47. Qh8+ Kg4 48. Qe5 Qc6 49. a5 Kh5 50.
Qh8+ Kg4 51. Qe5 Kh5 52. Qf5 Qc7+ 53. Kh3 Qb7 54. Qg4+ Kg6 55. Qe6+ Kh5 56.
a6 Qa7 57. Qe8+ Kh6 58. Qc6+ Kh5 59. Qb7 1-0

[Event "40th Bosna Open"]
[Site "Sarajevo BIH"]
[Date "2010.05.07"]
[Round "3"]
[White "Damljanovic,B"]
[Black "Stojanovic,Andj"]
[Result "1-0"]
[WhiteElo "2539"]
[BlackElo "2305"]
[EventDate "2010.05.05"]

1. c4 e5 2. g3 Nf6 3. Bg2 d5 4. cxd5 Nxd5 5. Nc3 Nb6 6. Nf3 Nc6 7. O-O Be7
8. a3 O-O 9. d3 Re8 10. b4 Bf8 11. Bb2 a5 12. b5 Nd4 13. Nd2 Rb8 14. e3 Ne6
15. Nf3 f6 16. Qc2 Qe7 17. Rad1 Qf7 18. d4 exd4 19. exd4 Nc4 20. Bc1 b6 21.
a4 Bb7 22. d5 Nc5 23. Nd4 Nd6 24. Ba3 Nc4 25. Bxc5 Bxc5 26. Ne6 Bd6 27. Ne4
Ne5 28. f4 Nd7 29. Nxc7 Rxe4 30. Bxe4 Rc8 31. Bxh7+ Kh8 32. Bg6 Qe7 33.
Rfe1 Bc5+ 34. Kf1 Ne5 35. Qf5 1-0

[Event "40th Bosna Open"]
[Site "Sarajevo BIH"]
[Date "2010.05.07"]
[Round "3"]
[White "Abasov,N"]
[Black "Sutkovic,D"]
[Result "1/2-1/2"]
[WhiteElo "2525"]
[BlackElo "2304"]
[EventDate "2010.05.05"]

1. e4 c6 2. d4 d5 3. Nc3 a6 4. Nf3 Bg4 5. Bd3 e6 6. O-O Nf6 7. Re1 Be7 8.
Rb1 dxe4 9. Nxe4 Nxe4 10. Bxe4 Nd7 11. Qd3 Nf6 12. Ne5 Nxe4 13. Nxg4 Nf6
14. Ne5 O-O 15. Qb3 Rb8 16. c3 Qd5 17. Bg5 Qxb3 18. axb3 Rbd8 19. Nd3 Rd5
20. Bxf6 Bxf6 21. Ra1 Be7 22. b4 Rfd8 23. g3 Kf8 24. Kg2 g6 25. h4 h5 26.
f3 Kg7 27. Kh3 Bd6 28. Re4 Bc7 29. Nc5 Rb8 30. f4 Bb6 31. Nb3 Rbd8 32. Kg2
Kf6 33. Kf3 Rh8 34. Re2 Rb8 35. Nd2 Kg7 36. Nc4 Bc7 37. Ne3 Rd7 38. Rg2 Rh8
39. Nc4 Rd5 40. Nd2 Rd7 41. Ne4 Bb6 42. Rag1 Rd5 43. Nd2 Bc7 44. Nb3 Bb6
45. Ra1 Rd7 46. Nc1 Rd5 47. Nd3 Kf6 48. Re2 Kg7 49. Re5 Rhd8 50. Rg1 Bc7
51. Rxd5 exd5 52. Nc5 Rb8 53. Re1 Bd6 54. Nb3 Kf8 55. Na5 Bc7 56. g4 hxg4+
57. Kxg4 f5+ 58. Kg3 Bxa5 59. bxa5 Kf7 60. Re2 Kf6 61. b3 Rd8 62. Re5 Rg8
63. Kh3 Rd8 64. Re2 Rh8 65. Kg3 Rd8 66. Re1 Rh8 67. Rh1 Rg8 68. Kf3 Re8 69.
Kf2 Re4 70. Kf3 Re7 71. h5 Rh7 72. h6 g5 73. fxg5+ Kxg5 74. Rg1+ Kf6 75.
Rh1 Kg5 76. Rg1+ Kf6 77. Rh1 Kg5 78. Rg1+ 1/2-1/2

[Event "40th Bosna Open"]
[Site "Sarajevo BIH"]
[Date "2010.05.07"]
[Round "3"]
[White "Brandenburg,D"]
[Black "Hirneise,J"]
[Result "1-0"]
[WhiteElo "2503"]
[BlackElo "2294"]
[EventDate "2010.05.05"]

1. e4 c5 2. Nf3 d6 3. d4 cxd4 4. Nxd4 Nf6 5. Nc3 a6 6. Bg5 e6 7. f4 Qb6 8.
Nb3 Qe3+ 9. Qe2 Ng4 10. Nd1 Qxe2+ 11. Bxe2 h6 12. Bh4 h5 13. Bf3 Nc6 14. h3
Nf6 15. Ne3 Bd7 16. O-O-O Rc8 17. Nc4 Nb4 18. Nxd6+ Bxd6 19. Rxd6 Nxc2 20.
Kd2 Nb4 21. Rc1 Rxc1 22. Kxc1 Bb5 23. e5 Nd7 24. Nc5 f6 25. Nxd7 Bxd7 26.
exf6 gxf6 27. Bxf6 Rh6 28. Bg5 1-0

[Event "40th Bosna Open"]
[Site "Sarajevo BIH"]
[Date "2010.05.07"]
[Round "3"]
[White "Djukic,Ni"]
[Black "Plenca,J"]
[Result "1-0"]
[WhiteElo "2495"]
[BlackElo "2286"]
[EventDate "2010.05.05"]

1. e4 e5 2. Nf3 Nc6 3. Bb5 a6 4. Ba4 Nf6 5. O-O Nxe4 6. d4 b5 7. Bb3 d5 8.
dxe5 Be6 9. Nbd2 Nc5 10. c3 Be7 11. Bc2 Bg4 12. Re1 O-O 13. Nf1 Re8 14. Bf4
Bf8 15. h3 Bh5 16. Ng3 Bg6 17. Nf5 Ne4 18. N5h4 Bc5 19. Re2 Ne7 20. Nxg6
Nxg6 21. Bh2 f5 22. exf6 gxf6 23. Bb3 c6 24. Nd4 Qb6 25. Nxc6 Bxf2+ 26. Kh1
Kh8 27. Qxd5 Ng3+ 28. Bxg3 Bxg3 29. Qf3 Bh4 30. Nd4 Rxe2 31. Qxa8+ 1-0

[Event "40th Bosna Open"]
[Site "Sarajevo BIH"]
[Date "2010.05.07"]
[Round "3"]
[White "Ozturk,Ku"]
[Black "D'Amore,C"]
[Result "0-1"]
[WhiteElo "2273"]
[BlackElo "2484"]
[EventDate "2010.05.05"]

1. d4 d5 2. c4 c6 3. Nf3 Nf6 4. e3 Bg4 5. h3 Bxf3 6. Qxf3 e6 7. Nc3 Nbd7 8.
Bd3 Bb4 9. O-O O-O 10. Qd1 Ba5 11. a3 Bc7 12. e4 dxc4 13. Bxc4 e5 14. Be3
exd4 15. Bxd4 Qe7 16. Be3 Rfe8 17. Re1 Rad8 18. Qc2 Ne5 19. Bf1 Ng6 20. g3
h5 21. h4 Ng4 22. Bg5 f6 23. Be3 N6e5 24. Bg2 Nxe3 25. Rxe3 Bb6 26. Re2 Rd3
27. Na4 Red8 28. Nxb6 axb6 29. Rae1 Qd6 30. a4 Rd4 31. Kf1 Kf8 32. Bh3 Qb4
33. Kg2 Ke7 34. Qc1 Qxa4 35. Re3 Rd2 36. Qc3 R8d3 37. Rxd3 Rxd3 38. Qc1 Qd4
39. Re2 Rd1 40. Qc2 Qd3 41. Qxd3 Rxd3 42. Bc8 Rd8 43. Bxb7 Rb8 44. Ba6 b5
45. b3 Nd3 0-1

[Event "40th Bosna Open"]
[Site "Sarajevo BIH"]
[Date "2010.05.07"]
[Round "3"]
[White "Neubauer,M"]
[Black "Inants,A"]
[Result "1-0"]
[WhiteElo "2458"]
[BlackElo "2259"]
[EventDate "2010.05.05"]

1. d4 Nf6 2. c4 e6 3. Nc3 d5 4. Bg5 c6 5. e3 Nbd7 6. Nf3 Be7 7. Rc1 O-O 8.
Bd3 dxc4 9. Bxc4 c5 10. O-O cxd4 11. exd4 Nb6 12. Bd3 Nbd5 13. Ne5 h6 14.
Be3 Bd6 15. Re1 b6 16. Bb1 Bb7 17. Qd2 Bxe5 18. dxe5 Nxe3 19. Qxe3 Nd5 20.
Qe4 g6 21. Nb5 Qg5 22. h4 Qf4 23. Nd6 Rab8 24. h5 Qxe4 25. Bxe4 g5 26. Nxb7
Rxb7 27. Bxd5 exd5 28. Rc6 Re7 29. Rd6 Rc8 30. Re2 Rc5 31. Rxh6 d4 32. Rd6
Rcxe5 33. Rxe5 Rxe5 34. Kf1 Rc5 35. Rxd4 Rc2 36. Rb4 Kg7 37. Rb5 Kh6 38. g4
Rc4 39. f3 Rc2 40. a4 Rc4 41. Rf5 Rxa4 42. Rxf7 Ra1+ 43. Kf2 Ra2 44. Kg3
Rxb2 45. Rxa7 Rc2 46. Rb7 Rb2 47. Rf7 Rb4 48. Kf2 Rb2+ 49. Ke3 Rb3+ 50. Ke4
Rb4+ 51. Ke5 Rb5+ 52. Ke6 Rb3 53. Rf5 Re3+ 54. Kf7 b5 55. Rf6+ Kh7 56. f4
Rf3 57. fxg5 Rxf6+ 58. gxf6 b4 59. g5 b3 60. g6+ Kh6 61. g7 1-0

[Event "40th Bosna Open"]
[Site "Sarajevo BIH"]
[Date "2010.05.07"]
[Round "3"]
[White "Pruijssers,R"]
[Black "Voiteanu,G"]
[Result "1-0"]
[WhiteElo "2443"]
[BlackElo "2257"]
[EventDate "2010.05.05"]

1. e4 e5 2. Nf3 Nf6 3. Nxe5 d6 4. Nf3 Nxe4 5. d4 d5 6. Bd3 Be7 7. O-O Nc6
8. c4 Nb4 9. Be2 Be6 10. Nc3 O-O 11. Nxe4 dxe4 12. Ne1 f5 13. f3 Bf7 14.
fxe4 fxe4 15. Be3 Bf6 16. Qd2 Nc6 17. Rd1 Qe7 18. Nc2 Rad8 19. b4 a5 20.
bxa5 Ra8 21. Rf5 b6 22. axb6 Rxa2 23. b7 Rb8 24. Rb5 Nd8 25. d5 Be8 26. Ra5
Rb2 27. Ra8 R8xb7 28. c5 Bb5 29. c6 Rb6 30. d6 Qxd6 31. Qxd6 cxd6 32. Bxb6
Bxc6 33. Rb8 Rxc2 34. Bxd8 Rxe2 35. Bxf6+ Kf7 36. Bd4 Rc2 37. Be3 Ke6 38.
Rd2 Rc3 39. Kf2 Bd5 40. Rh8 h6 41. Rh7 1-0

[Event "40th Bosna Open"]
[Site "Sarajevo BIH"]
[Date "2010.05.07"]
[Round "3"]
[White "Manik,M"]
[Black "Kruskic,M"]
[Result "1-0"]
[WhiteElo "2440"]
[BlackElo "2250"]
[EventDate "2010.05.05"]

1. e4 c5 2. Nf3 b6 3. d4 cxd4 4. Nxd4 Bb7 5. Nc3 a6 6. Be3 d6 7. Qd2 Nf6 8.
f3 Nbd7 9. g4 Rc8 10. g5 Nh5 11. Be2 g6 12. f4 Bg7 13. Bxh5 gxh5 14. Qe2
Rxc3 15. bxc3 Bxe4 16. O-O Qc8 17. Bd2 Nc5 18. f5 Be5 19. Rae1 Ba8 20. Qxh5
Ne4 21. Bf4 Qxc3 22. Bxe5 dxe5 23. Ne6 Rg8 24. Rxe4 Bxe4 25. Rd1 Bd5 26.
Rxd5 Qe3+ 27. Kg2 Qe4+ 28. Kg3 Qe3+ 29. Kh4 Qe4+ 30. Qg4 Qxg4+ 31. Kxg4
fxe6 32. fxe6 Rf8 33. Rxe5 Rf2 34. h4 Rxc2 35. Rf5 Re2 36. Rf7 h6 37. gxh6
Rxe6 38. h7 Rh6 39. Kg5 1-0

[Event "40th Bosna Open"]
[Site "Sarajevo BIH"]
[Date "2010.05.07"]
[Round "3"]
[White "Feher,Ad"]
[Black "Kleijn,C"]
[Result "1/2-1/2"]
[WhiteElo "2247"]
[BlackElo "2431"]
[EventDate "2010.05.05"]

1. e4 c5 2. Nf3 d6 3. d4 cxd4 4. Nxd4 Nf6 5. Nc3 e6 6. Be2 a6 7. O-O Be7 8.
f4 O-O 9. a4 Nc6 10. Be3 Qc7 11. Kh1 Bd7 12. Bf3 Nxd4 13. Qxd4 Bc6 14. Rad1
Nd7 15. Qd2 Rad8 16. b3 b6 17. Qf2 Bb7 18. Nb1 b5 19. axb5 axb5 20. Na3 Qa5
21. Ra1 Ra8 22. Bd4 e5 23. Bb2 Qb4 24. Be2 Nc5 25. Nxb5 Nxe4 26. Qe3 Rxa1
27. Bxa1 exf4 28. Qxf4 Bg5 29. Qg4 Qc5 30. Nd4 Bf6 31. Bd3 h5 32. Qf5 Re8
33. Qxc5 dxc5 34. Nf3 Bxa1 35. Rxa1 Nf2+ 36. Kg1 Nxd3 37. cxd3 Bxf3 38.
gxf3 Re3 39. Rc1 Rxd3 40. Rxc5 Rxf3 41. Rxh5 Rxb3 42. Kg2 g6 43. Ra5 Kg7
44. Ra7 Rb4 45. Kg3 g5 46. h3 Kg6 47. Ra5 Rb3+ 48. Kg2 Re3 49. Rb5 f6 50.
Ra5 f5 51. Ra6+ Kh5 52. Ra8 Re6 53. Rh8+ Rh6 54. Rg8 f4 55. Kf3 Rh7 56. Ra8
Re7 57. Rh8+ Kg6 58. Rg8+ Kf6 59. h4 Re3+ 60. Kf2 gxh4 61. Rg4 Kf5 62. Rxh4
Ra3 63. Rh8 Ra2+ 64. Kf3 Ra3+ 65. Kf2 Ra2+ 1/2-1/2

[Event "40th Bosna Open"]
[Site "Sarajevo BIH"]
[Date "2010.05.08"]
[Round "4"]
[White "Bosiocic,Mari"]
[Black "Svetushkin,D"]
[Result "0-1"]
[WhiteElo "2562"]
[BlackElo "2547"]
[EventDate "2010.05.05"]

1. e4 e5 2. Nf3 Nc6 3. Bb5 Nf6 4. O-O Nxe4 5. d4 Nd6 6. Bxc6 dxc6 7. dxe5
Nf5 8. Qxd8+ Kxd8 9. Nc3 h6 10. b3 Be6 11. Bb2 a5 12. h3 Bb4 13. g4 Bxc3
14. Bxc3 Ne7 15. Rad1+ Kc8 16. Nd4 Bd5 17. e6 fxe6 18. Nxe6 Bxe6 19. Rfe1
Nd5 20. Bxg7 Re8 21. Bxh6 b5 22. f4 Kb7 23. f5 Bf7 24. Kf2 a4 25. Rxe8 Rxe8
26. bxa4 bxa4 27. Rd4 Nc3 28. a3 c5 29. Rd7 Ne4+ 30. Kf3 Nd6 31. Bg5 Kc6
32. Re7 Rxe7 33. Bxe7 Nc4 34. g5 Nxa3 35. g6 Be8 36. Bf6 Nxc2 37. Bc3 Kd5
38. Kf4 Kc4 39. Ba1 Nxa1 40. Ke5 Nc2 41. Kf6 Bc6 42. Ke7 Nd4 43. f6 Nf5+
44. Kd8 Nh4 0-1

[Event "40th Bosna Open"]
[Site "Sarajevo BIH"]
[Date "2010.05.08"]
[Round "4"]
[White "Berczes,D"]
[Black "Jankovic,A"]
[Result "1-0"]
[WhiteElo "2519"]
[BlackElo "2559"]
[EventDate "2010.05.05"]

1. d4 Nf6 2. c4 g6 3. Nc3 Bg7 4. e4 d6 5. Nf3 O-O 6. Be2 e5 7. O-O Nc6 8.
Be3 Re8 9. dxe5 dxe5 10. h3 Be6 11. c5 Qe7 12. Bb5 Red8 13. Qa4 Nd4 14.
Nxd4 exd4 15. Bxd4 c6 16. Be2 Nxe4 17. Bxg7 Nxc5 18. Qa3 Kxg7 19. Ne4 b6
20. Rfc1 Bxh3 21. Qc3+ f6 22. Nxc5 Bxg2 23. Re1 Bd5 24. Nd3 Qe4 25. f3 Qh4
26. Qb4 Qg3+ 27. Kf1 Qh3+ 28. Kf2 Qh2+ 29. Kf1 g5 30. Qe7+ Kg6 31. Nf2 Re8
32. Bd3+ f5 33. Qd7 Rf8 34. Re7 h6 35. Bxf5+ Rxf5 36. Rg7+ Kh5 37. Qxf5
Bc4+ 38. Nd3 Bxd3+ 39. Qxd3 Qh1+ 40. Kf2 Qh2+ 41. Kf1 Qh3+ 42. Ke2 Qg2+ 43.
Kd1 Rd8 44. Qxd8 Qxf3+ 45. Kc2 Qf2+ 46. Qd2 Qc5+ 47. Kb1 Qf5+ 48. Kc1 Qc5+
49. Kd1 Qg1+ 50. Ke2 Qh2+ 51. Ke3 Qf4+ 52. Kd3 Qf5+ 53. Kd4 Qd5+ 54. Ke3
Qe5+ 55. Kf3 Qf5+ 56. Kg2 Qe4+ 57. Kg1 Qg4+ 58. Kh1 1-0

[Event "40th Bosna Open"]
[Site "Sarajevo BIH"]
[Date "2010.05.08"]
[Round "4"]
[White "Sebenik,M"]
[Black "Solak,D"]
[Result "1/2-1/2"]
[WhiteElo "2515"]
[BlackElo "2547"]
[EventDate "2010.05.05"]

1. d4 d5 2. c4 c6 3. Nf3 Nf6 4. Nc3 dxc4 5. a4 Bf5 6. e3 e6 7. Bxc4 Bb4 8.
O-O Nbd7 9. Qe2 Bg6 10. e4 O-O 11. Bd3 Bh5 12. e5 Nd5 13. Nxd5 cxd5 14. Qe3
Be7 15. Ng5 Bxg5 16. Qxg5 Bg6 17. Be2 Rc8 18. Qe3 Rc2 19. Bd1 Rc6 20. Bd2
Nb6 21. b3 Qe7 22. Be2 Rfc8 23. Rfc1 a6 24. g3 h6 25. h4 Bc2 26. h5 f6 27.
exf6 Qxf6 28. Bg4 Bf5 29. Rxc6 Rxc6 30. Be2 Nd7 31. Rc1 Rxc1+ 32. Bxc1 Be4
33. Ba3 Qg5 34. Qc3 Nf6 35. Bc1 Qf5 36. Bf4 Nxh5 37. Be5 Qh3 38. Bf3 Bxf3
39. Qxf3 Qf5 40. Qc3 Qf7 41. Qc8+ Kh7 42. b4 1/2-1/2

[Event "40th Bosna Open"]
[Site "Sarajevo BIH"]
[Date "2010.05.08"]
[Round "4"]
[White "Timofeev,Arty"]
[Black "Rapport,R"]
[Result "1-0"]
[WhiteElo "2677"]
[BlackElo "2509"]
[EventDate "2010.05.05"]

1. e4 c6 2. d4 d5 3. f3 e6 4. Nc3 b5 5. a3 b4 6. axb4 Bxb4 7. Bd2 Ne7 8.
Na4 Bxd2+ 9. Qxd2 O-O 10. Nh3 dxe4 11. fxe4 e5 12. dxe5 Qxd2+ 13. Kxd2 Bxh3
14. gxh3 Nd7 15. e6 Ne5 16. Nc5 N7g6 17. Ke3 fxe6 18. Be2 Nf4 19. Rhf1 g5
20. h4 Nxe2 21. hxg5 Rfb8 22. b3 Nc3 23. Kd4 Rb5 24. Nxe6 Ne2+ 25. Ke3 Nc3
26. Rxa7 Rab8 27. Rf4 Kh8 28. Rg7 Re8 29. Rh4 Ng4+ 30. Kd3 h6 31. Rxg4 Nd1
32. Rf4 Rxe6 33. Rd7 Rxg5 34. Kd2 Rg1 35. Rf8+ Rg8 36. Rxg8+ Kxg8 37. Kxd1
Rxe4 38. Rd6 Rh4 39. Rxc6 Rxh2 40. b4 Kf7 41. b5 Ke7 42. Kc1 Kd7 43. Kb2
Rh5 44. c4 Rh3 45. c5 Rg3 46. Rxh6 Rg5 47. Rc6 Rg3 48. Rd6+ Kc7 49. b6+ Kb7
50. Rd7+ Kc8 51. c6 1-0

[Event "40th Bosna Open"]
[Site "Sarajevo BIH"]
[Date "2010.05.08"]
[Round "4"]
[White "Tratar,M"]
[Black "Gustafsson,J"]
[Result "0-1"]
[WhiteElo "2507"]
[BlackElo "2640"]
[EventDate "2010.05.05"]

1. d4 Nf6 2. Nf3 d5 3. c4 e6 4. Nc3 dxc4 5. e3 a6 6. a4 b6 7. Bxc4 Bb7 8.
O-O Bb4 9. Qe2 O-O 10. Rd1 Nbd7 11. Na2 Bd6 12. Nc3 c5 13. d5 exd5 14. Nxd5
Ne4 15. Bd2 b5 16. axb5 axb5 17. Rxa8 Bxa8 18. Ba2 c4 19. Be1 Bxd5 20. Rxd5
Qa8 21. Rd4 Qxa2 22. Rxe4 c3 23. Rd4 cxb2 24. Rd2 Ba3 0-1

[Event "40th Bosna Open"]
[Site "Sarajevo BIH"]
[Date "2010.05.08"]
[Round "4"]
[White "Sengupta,D"]
[Black "Mamedov,Nid"]
[Result "1/2-1/2"]
[WhiteElo "2508"]
[BlackElo "2614"]
[EventDate "2010.05.05"]

1. e4 c5 2. Nf3 d6 3. d4 cxd4 4. Nxd4 Nf6 5. Nc3 Nc6 6. Bg5 e6 7. Qd2 a6 8.
O-O-O Bd7 9. f3 h6 10. Be3 b5 11. Nxc6 Bxc6 12. Ne2 Qc7 13. Nd4 Bb7 14. Kb1
e5 15. Nb3 d5 16. Qa5 Bd6 17. Qxc7 Bxc7 18. exd5 Nxd5 19. Bd2 O-O-O 20. Bd3
Bb6 21. Rhe1 Rhe8 22. c4 bxc4 23. Bxc4 f6 24. Ba5 Kc7 25. Rc1 Bxa5 26. Nxa5
Kb6 27. Nxb7 Kxb7 28. Bd3 Kb6 29. Be4 Re7 30. g3 Red7 31. a3 Ne7 32. Re3
Rc8 33. Rce1 Rcc7 34. h4 Nc6 35. Rb3+ Ka7 36. g4 Nd4 37. Rd3 a5 38. Red1
Rc5 39. Rc3 Rdc7 40. Rdd3 Kb6 41. Ka2 Kb5 42. Rxc5+ Rxc5 43. Rd1 Kb6 44.
Kb1 1/2-1/2